Statistics for Movie Genres (Hard)

Click here to take the quiz!

General Stats

  • This quiz has been taken 260 times
    (258 since last reset)
  • The average score is 6 of 21

Answer Stats

Hint Answer % Correct
Ichi the Killer (Takashi Miike)Gore
79%
Vertigo (Alfred Hitchcock)Thriller
76%
Blade Runner (Ridley Scott)Sci-fi
68%
The Good, the Bad and the Ugly (Sergio Leone)Spaghetti Western
56%
Ghandi (Richard Attenborough)Biopic
54%
Titicut Follies (Frederick Wiseman)Cinéma Vérité
40%
Akira (Katsuhiro Ohtomo)Anime
34%
Ivan the Terrible (Sergei Eisenstein)Historical Epic
31%
Blacula (William Crain)Blaxploitation
30%
M (Fritz Lang)Film Noir
27%
Un Chien Andalou (Luis Buñuel)Arthouse
25%
Breathless (Jean-Luc Godard)Nouvelle Vague
19%
Zelig (Woody Allen)Mockumentary
15%
Triumph of the Will (Leni Riefenstahl)Propaganda film
15%
The Bicycle Thief (Vittorio De Sica)Italian Neorealism
11%
Faust (FW Murnau)German Expressionism
10%
Man with a Movie Camera (Dziga Vertov)Experimental
5%
Symphonie Diagonale (Viking Eggeling)Absolute film
4%
Cannibal Holocaust (Ruggero Deodato)(faux) Snuff
4%
Rashomon (Akira Kurosawa)Jidaigeki
2%
The Passing (Bill Viola)Video art
1%

Score Distribution

Percentile by Number Answered

Percent of People with Each Score

Your Score History

You have not taken this quiz since the last reset